Directory of Extramural Research and Development Projects Approved for Funding by Selected Central Government Agencies/Departments During 2003-04 (Record no. 23231)

MARC details
000 -LEADER
fixed length control field 00443nam a2200133Ia 4500
020 ## - INTERNATIONAL STANDARD BOOK NUMBER
International Standard Book Number 8187607122
082 ## - DEWEY DECIMAL CLASSIFICATION NUMBER
Classification number 500
Item number GOV/DI
100 ## - MAIN ENTRY--PERSONAL NAME
Personal name Government of India
245 ## - TITLE STATEMENT
Title Directory of Extramural Research and Development Projects Approved for Funding by Selected Central Government Agencies/Departments During 2003-04
260 ## - PUBLICATION, DISTRIBUTION, ETC. (IMPRINT)
Place of publication, distribution, etc New Delhi
Name of publisher, distributor, etc Ministry if Science & Technology
Date of publication, distribution, etc 2006
300 ## - PHYSICAL DESCRIPTION
Extent 218
546 ## - LANGUAGE
Language note English
942 ## - ADDED ENTRY ELEMENTS (KOHA)
Source of classification or shelving scheme Dewey Decimal Classification
Koha item type Report
Holdings
Lost status Source of classification or shelving scheme Damaged status Not for loan Home library Current library Shelving location Date acquired Total Checkouts Full call number Barcode Date last seen Koha item type
  Dewey Decimal Classification     KAU Central Library, Thrissur KAU Central Library, Thrissur Reports 18/03/2014   500 GOV/DI 805071 18/03/2014 Report
Kerala Agricultural University Central Library
Thrissur-(Dt.), Kerala Pin:- 680656, India
Ph : (+91)(487) 2372219
E-mail: librarian@kau.in
Website: http://library.kau.in/